Beginning teaching in professional partnership / (Record no. 101431)

MARC details
000 -CABECERA
campo de control de longitud fija 00521nam a2200181 a 4500
005 - FECHA Y HORA DE LA ÚLTIMA TRANSACCIÓN
campo de control 20210219154631.0
008 - ELEMENTOS DE LONGITUD FIJA--INFORMACIÓN GENERAL
campo de control de longitud fija 030926s1978 mx r 000 0 spa d
020 ## - NÚMERO INTERNACIONAL NORMALIZADO PARA LIBROS
Número Internacional Estándar del Libro 0340229160
035 ## - NÚMERO DE CONTROL DEL SISTEMA
Número de control de sistema UPN01000129259
049 ## - COLECCIÓN
Colección CG
050 #4 - SIGNATURA TOPOGRÁFICA DE LA BIBLIOTECA DEL CONGRESO
Número de clasificación LB1731
Número de documento/Ítem E9.3
100 1# - ASIENTO PRINCIPAL--NOMBRE PERSONAL
Nombre de persona Evans, Norman
245 10 - MENCIÓN DE TÍTULO
Título Beginning teaching in professional partnership /
Mención de responsabilidad, etc. Norman Evans.
260 ## - PUBLICACIÓN, DISTRIBUCIÓN, ETC.
Lugar de publicación, distribución, etc. London :
Nombre del editor, distribuidor, etc. Hodder and Stoughton,
Fecha de publicación, distribución, etc. c1978.
300 ## - DESCRIPCIÓN FÍSICA
Extensión 101 p.
650 #4 - ASIENTO SECUNDARIO DE MATERIA - TERMINO TEMATICO
Término de materia o nombre geográfico como elemento de entrada MAESTROS EN SERVICIO, FORMACION DE -
Subdivisión geográfica INGLATERRA
905 ## - TIPO DE MATERIAL
Tipo de material Libro
Holdings
Estado de retiro Estado de pérdida Fuente del sistema de clasificación o colocación Estado dañado No para préstamo Código de colección Localización permanente Ubicación/localización actual Ubicación en estantería Total de préstamos Clasificación Código de barras Fecha visto por última vez Número de copia Tipo de ítem Koha
    Library of Congress Classification     Colección General Bib. Gregorio Torres Quintero Bib. Gregorio Torres Quintero Planta baja   LB1731 E9.3 21842 31/12/2020 1 Libro